Racionálny návrat k trvalým hodnotám

Podmienky východu z globálnej krízy. Postoj USA. Islanďania odmietli splácať dlhy, ktoré zapríčinili bankári. Najbližšie voľby na Slovensku. Úvodné slovo autora.

Enregistré dans:
Détails bibliographiques
Auteur principal: Lysák, Ladislav
Format: Chapitre de livre
Langue:slovaque
Sujets:
Tags: Ajouter un tag
Pas de tags, Soyez le premier à ajouter un tag!

MARC

LEADER 00000naa a2200000 4500
001 0147111
005 20240502072646.2
041 0 |a slo 
044 |a SK 
245 1 0 |a Racionálny návrat k trvalým hodnotám  |c Ladislav Lysák 
520 |a Podmienky východu z globálnej krízy. Postoj USA. Islanďania odmietli splácať dlhy, ktoré zapríčinili bankári. Najbližšie voľby na Slovensku. Úvodné slovo autora. 
610 2 0 |a kríza hospodárska 
610 2 0 |a kríza finančná 
610 2 0 |a nezamestnanosť 
610 2 0 |a svet 
610 2 0 |a Slovensko 
100 1 |a Lysák, Ladislav